000 00671nam a2200289Ia 4500
005 20260324143835.0
008 008 260324s9999 xx 000 0 eng d
020 _a9780429081736
037 _aEBOOK
040 _aCRL
040 _beng
040 _cCRL
041 _2eng
041 _aeng
084 _qCRL
100 _aRobert L. Kimmons
_91217125
245 0 _aProject Management Basics
245 2 _bA Step by Step Approach
260 _bTaylor and Francis
260 _c1990
365 _a
365 _b260
856 _uhttp://www.taylorfrancis.com/books/9780429081736
942 _cEBOOK
999 _c1822994
_d1822994